| 000 | 00391cam a22001337a 4500 | ||
|---|---|---|---|
| 008 | 180718b1975 xxu||||| |||| 00| 0 eng d | ||
| 082 | _aT215 D26 | ||
| 100 | _aDas, M. | ||
| 245 |
_aFantasy of coal nationalisation _cby M. Das |
||
| 260 |
_aHowrah _bM. Das _c1975 |
||
| 300 | _a127p. | ||
| 650 | _aCoal mines and mining --Government ownership --India | ||
| 650 | _aCoal mines and mining --India | ||
| 999 |
_c482286 _d482286 |
||